| 000 | 00479nam a2200181Ia 4500 | ||
|---|---|---|---|
| 008 | 210719s2016 xx 000 0 und d | ||
| 020 | _a978-81-313-1113-4 | ||
| 041 | _aeng | ||
| 082 | _a070 SINJ | ||
| 100 | _aSINGH (J K) | ||
| 245 | _aJournalism and mass communication | ||
| 260 |
_aNew Delhi _bAPH Publishing Corporation _c2016 |
||
| 300 |
_a270 _bHB |
||
| 365 |
_b895 _cRs |
||
| 650 | _aJournalism | ||
| 650 | _aJournalism | ||
| 906 | _acommunication ; Journalism ; mass | ||
| 999 |
_c212024 _d212024 |
||